000 00596nam a2200205Ii 4500
003 JO-AjNU
008 230605s9999||||xx |||||||||||||| ||und||
040 _aJO-AjNU
_bara
_erda
_cJO-AjNU
041 _aara
050 1 4 _aQ175 .Z55 1971
100 3 _aزينو، حسن ,
_eauthor
_918709
245 0 0 _aالتطور والإنسان
250 _aط1
264 3 1 _aبيروت:دار الدعوة ، 1971
300 _a174ص
336 _atext
_btxt
_2rdacontent
337 _aunmediated
_bn
_2rdamedia
338 _avolume
_bnc
_2rdacarrier
650 4 _aالهندسة الوراثية 
_918710
999 _aA6035
_c9603
_d9603